Advanced accountancy Part 1 and part 2 For II B.Com (Record no. 102577)
[ view plain ]
| 000 -LEADER | |
|---|---|
| fixed length control field | 00502nam a2200193Ia 4500 |
| 003 - CONTROL NUMBER IDENTIFIER | |
| control field | OSt |
| 005 - DATE AND TIME OF LATEST TRANSACTION | |
| control field | 20221116111322.0 |
| 008 - FIXED-LENGTH DATA ELEMENTS--GENERAL INFORMATION | |
| fixed length control field | 210210b1998 xxu||||| |||| 00| 0 eng d |
| 040 ## - CATALOGING SOURCE | |
| Transcribing agency | |
| 082 ## - DEWEY DECIMAL CLASSIFICATION NUMBER | |
| Classification number | 657.046 RAMA |
| 100 ## - MAIN ENTRY--PERSONAL NAME | |
| Personal name | RAMAN (B S) |
| 9 (RLIN) | 17929 |
| 245 ## - TITLE STATEMENT | |
| Title | Advanced accountancy Part 1 and part 2 For II B.Com |
| 260 ## - PUBLICATION, DISTRIBUTION, ETC. | |
| Place of publication, distribution, etc. | Mangalore |
| Name of publisher, distributor, etc. | United publishers |
| Date of publication, distribution, etc. | 1998 |
| 300 ## - PHYSICAL DESCRIPTION | |
| Extent | 2511 |
| 650 ## - SUBJECT ADDED ENTRY--TOPICAL TERM | |
| Topical term or geographic name entry element | Advanced Accountancy |
| 9 (RLIN) | 17930 |
| 690 ## - LOCAL SUBJECT ADDED ENTRY--TOPICAL TERM (OCLC, RLIN) | |
| Topical term or geographic name as entry element | Accountancy |
| 9 (RLIN) | 17931 |
| 906 ## - LOCAL DATA ELEMENT F, LDF (RLIN) | |
| a | 054956 |
| 942 ## - ADDED ENTRY ELEMENTS (KOHA) | |
| Source of classification or shelving scheme | Dewey Decimal Classification |
| Koha item type | Book |
| Withdrawn status | Lost status | Source of classification or shelving scheme | Damaged status | Not for loan | Collection code | Home library | Current library | Date acquired | Cost, normal purchase price | Total Checkouts | Full call number | Barcode | Date last seen | Price effective from | Koha item type | Date last checked out |
|---|---|---|---|---|---|---|---|---|---|---|---|---|---|---|---|---|
| Dewey Decimal Classification | Commerce | St Aloysius Library | St Aloysius Library | 02/17/2021 | 270.00 | 657.046 RAMA | 054956 | 02/17/2021 | 02/17/2021 | Book | ||||||
| Dewey Decimal Classification | Commerce | St Aloysius Library | St Aloysius Library | 02/17/2021 | 270.00 | 2 | 657.046 RAMA | 054955 | 07/04/2022 | 02/17/2021 | Book | 03/15/2022 |